George Harrison Discography - Statistics

General Stats
  • This quiz has been taken 41 times
  • The average score is 9 of 12
Answer Stats
Hint Answer % Correct
1970 All Things Must Pass
100%
1987 Cloud Nine
87%
1974 Dark Horse
77%
2002 Brainwashed
73%
1975 Extra Texture (Read All About It)
73%
1979 George Harrison
73%
1981 Somewhere in England
73%
1973 Living in the Material World
70%
1976 Thirty Three & 1/3
70%
1982 Gone Troppo
67%
1968 Wonderwall Music
63%
1969 Electronic Sound
60%
No matching quizzes found
Score Distribution
Percent of People with Each Score
Percentile by Number Answered
Your Score History
You have not taken this quiz